| 000 | 00446 a2200169 4500 | ||
|---|---|---|---|
| 003 | OSt | ||
| 005 | 20231109143737.0 | ||
| 008 | 231109b |||||||| |||| 00| 0 eng d | ||
| 020 | _a9789392455117 | ||
| 040 | _coclc | ||
| 082 |
_a920 _bMUH/S |
||
| 100 |
_aMuhammed T C _99880 |
||
| 245 |
_aShere Kerala / _cT C Muhammed |
||
| 260 |
_aKerala: _bGrace, _c2023. |
||
| 300 | _a72 p | ||
| 942 |
_2ddc _cBK _h920 _iMUH/S _k920 _mMUH/S |
||
| 999 |
_c43003 _d43003 |
||